New York Times games - Sudden Death - Statistics

General Stats
  • This quiz has been taken 52 times
  • The average score is 8 of 9
Answers on the Grid
Answers color-coded by a green-red scale on the quiz's grid according to % correct below.
Wordle
Spellingbee
Quiz
Sudoku
Alphabet
The mini
Quickdraw
Crossword
Strands
Article
Connections
2048
Tiles
Letter Boxed
Chess Puzzle
 
Answer Stats
Answer % Correct
Wordle
96%
Sudoku
93%
Spellingbee
89%
Connections
87%
Crossword
87%
The mini
83%
Tiles
83%
Strands
80%
Letter Boxed
78%
No matching quizzes found
Score Distribution
Percent of People with Each Score
Percentile by Number Answered
Your Score History
You have not taken this quiz